00583pam a2200181 a 4500001000800000005001700008008004100025010001700066020002800083040001800111041000800129080001700137082002100154100000700175101000800182245014500190504006600335350490520180112035844.0950406s1996 nyua b 001 0 eng  a 95012636  a007060570X (alk. paper) aDLCcDLCdDLC aeng a305.231 ALA00a305.231 ALA2201 a48 aPSI10aChild development :cL. Alan Sroufe, Robert G. Cooper, Ganie B. DeHart ; [reviser], Mary E. Marshall ; advisory editor, Urie Bronfenbrenner. aIncludes bibliographical references (p. 617-654) and indexes.